Process and Outcome Evaluation of the Residential Substance Abuse Treatment (RSAT) Program in Kyle, Texas, 1993-1995

This study was undertaken to evaluate the treatment process and outcomes associated with a Residential Substance Abuse Treatment (RSAT) In-Prison Therapeutic Community (ITC) component of the 1991 Texas Criminal Justice Chemical Dependency Treatment Initiative, as well as to assess the effectiveness...

Full description

Saved in:  
Bibliographic Details
Main Author: Knight, Kevin (Author)
Contributors: Hiller, Matthew L. (Contributor) ; Simpson, D. Dwayne (Contributor)
Format: Electronic Research Data
Language:English
Published: [Erscheinungsort nicht ermittelbar] [Verlag nicht ermittelbar] 2003
In:Year: 2003
Online Access: Volltext (kostenfrei)
Check availability: HBZ Gateway
Keywords:

MARC

LEADER 00000cam a22000002c 4500
001 1840060425
003 DE-627
005 20260105204308.0
007 cr uuu---uuuuu
008 230324s2003 xx |||||o 00| ||eng c
024 7 |a 10.3886/ICPSR02765.v2  |2 doi 
035 |a (DE-627)1840060425 
035 |a (DE-599)KXP1840060425 
040 |a DE-627  |b ger  |c DE-627  |e rda 
041 |a eng 
084 |a 2,1  |2 ssgn 
100 1 |a Knight, Kevin  |e VerfasserIn  |4 aut 
109 |a Knight, Kevin  |a Knight, Kevin K. 
245 1 0 |a Process and Outcome Evaluation of the Residential Substance Abuse Treatment (RSAT) Program in Kyle, Texas, 1993-1995 
264 1 |a [Erscheinungsort nicht ermittelbar]  |b [Verlag nicht ermittelbar]  |c 2003 
336 |a Text  |b txt  |2 rdacontent 
337 |a Computermedien  |b c  |2 rdamedia 
338 |a Online-Ressource  |b cr  |2 rdacarrier 
520 |a This study was undertaken to evaluate the treatment process and outcomes associated with a Residential Substance Abuse Treatment (RSAT) In-Prison Therapeutic Community (ITC) component of the 1991 Texas Criminal Justice Chemical Dependency Treatment Initiative, as well as to assess the effectiveness of prison-based drug treatment. Specifically, this study evaluated the RSAT ITC treatment process and outcomes in Kyle, Texas, using the prison-based treatment assessment (PTA) data systems. The study design included process and outcome evaluations using a sample of graduates from the first ITC treatment facility (Kyle cohort) and a matched comparison group of prison inmates who were eligible, but not selected, for assignment to an ITC. Data collection occurred at three points in time -- at the end of treatment in the Kyle ITC, and at six months and one year following an offender's release from the ITC program. Variables in the 19 files for this study include: Part 1 (Educational Demographic Data, Kyle Cohort): Highest grade level achieved by respondent, Texas Department of Criminal Justice education achievement and IQ scores, and the number of days at the Kyle ITC program. Parts 2-4 (Treatment Background Data, Kyle Cohort, Aftercare Treatment Data, Kyle Cohort, Treatment Condition Data, Kyle Cohort): Treatment condition, discharge codes, and whether there were three months of residential aftercare. Part 5 (Session One Interview Data, Kyle Cohort): Gender, ethnicity, age, marital status, whether the respondent was given medication, followed directions, made friends, or got into trouble while in elementary school, whether he held a job prior to prison, if either of his parents spent time with, yelled at, or sexually abused him, whether he used drugs, if so, specific drugs used (e.g., alcohol, inhalants, marijuana, or crack), and whether he did jail time. Part 6 (Session Two Interview Data, Kyle Cohort): Whether drugs kept the respondent from working, caused emotional problems, or caused medical problems, if people were important to the respondent, if he had trouble staying focused, felt sad or depressed, satisfied with life, lonely, nervous, or got mad easily, whether he felt the staff was caring and helpful, whether he showed concern for the group and accepted confrontation by the group, whether the respondent felt the counselor was easy to talk to, respected him, or taught him problem-solving, and whether the respondent viewed himself as thinking clearly, clearly expressing thoughts, and was interested in treatment. Part 7 (Session Three Interview Data, Kyle Cohort): How the respondent saw himself as a child, whether he was easily distracted, anxious, nervous, inattentive, short-tempered, stubborn, depressed, rebellious, irritable, moody, angry, or impulsive, whether the respondent had trouble with school, was considered normal by friends, ever lost a job or friends due to drinking or drug abuse, or was ever arrested or hospitalized for drug or alcohol abuse, and in the last week whether the respondent's mood was one of sadness, satisfaction, disappointment, irritation, or suicide. Parts 8 and 9 (Six-Month Follow-Up Interview Data, Kyle Cohort, and One-Year Follow-Up Interview Data, Kyle Cohort): Organization of meetings and activities in the program, rules and regulations, work assignments, privileges, individual counseling, the care and helpfulness of the treatment staff and custody staff, the respondent's behavior, mood, living situation, drug use, and arrests within the last six months, whether the counselor was easy to talk to, helped in motivating or building confidence, or assisted in making a treatment plan, whether the respondent felt a sense of family or closeness, if his family got along, enjoyed being together, got drunk together, used drugs together, or had arguments or fights, if the respondent had a job in the last six months to a year and if he enjoyed working, whether he was on time for his job, whether he had new friends or associated with old friends, and which specific drugs he had used in the last six months (e.g., hallucinogens, heroin, methadone, or other opiates). Part 10 (Treatment Background Data, Comparison Group): Treatment condition of the comparison group. Part 11 (Educational Demographic Data, Comparison Group): Whether respondents completed a GED and their highest grade completed. Parts 12 and 13 (Six-Month Follow-Up Interview Data, Comparison Group, and One-Year Follow-Up Interview Data, Comparison Group): How important church was to the respondent, whether the respondent had any educational or vocational training, if he had friends that had used drugs, got drunk, dealt drugs, or had been arrested, if within the last six months to a year the respondent had been arrested for drug use, drug sales, forgery, fencing, gambling, burglary, robbery, sexual offense, arson, or vandalism, whether drugs or alcohol affected the respondent's health, relations, attitude, attention, or ability to work, whether the respondent experienced symptoms of withdrawal, the number of drug treatment programs and AA or CA meetings the respondent attended, whether the respondent received help from parents, siblings, or other relatives, if treatment was considered helpful, and risky behavior engaged in (e.g., sharing needles, using dirty needles, and unprotected sex). Parts 14 and 16 (Probation Officer Data, Six-Month Follow-Up Interview, Kyle Cohort and Comparison Group, and Probation Officer Data, One-Year Follow-Up Interview, Kyle Cohort and Comparison Group): Date of departure from prison, supervision level, number of treatment team meetings, whether there was evidence of job hunting, problems with transportation, child care, or finding work, number of drug tests in the last six months, times tested positive for marijuana, cocaine, heroin, opiates, crack, or other drugs, and number of arrests, charges, convictions, and technicals. Parts 15 and 17 (Hair Specimen Data, Six-Month Follow-Up Interview, Kyle Cohort and Comparison Group, and Hair Specimen Data, One-Year Follow-Up Interview, Kyle Cohort and Comparison Group): Hair collection and its source at the six-month follow-up (Part 15) and one-year follow-up (Part 17) and whether parolee was positive or negative for cocaine or opiates. Part 18 (Texas Department of Public Safety Data, Kyle Cohort and Comparison Group): Dates of first, second, and third offenses, if parolee was arrested, and first, second, and third offenses from the National Crime Information Center. Part 19 (Texas Department of Criminal Justice Data, Kyle Cohort and Comparison Group): Treatment condition, date of release, race, and a Texas Department of Criminal Justice Salient Factor Risk Score. 
540 |a ICPSR Terms of Use 
650 4 |a Addiction 
650 4 |a Alcohol abuse 
650 4 |a correctional facilities 
650 4 |a drug related crimes 
650 4 |a Drug use 
650 4 |a inmate programs 
650 4 |a outcome evaluation 
650 4 |a process evaluation 
650 4 |a Recidivism 
650 4 |a residential programs 
650 4 |a Substance Abuse 
650 4 |a Substance Abuse Treatment 
650 4 |a treatment outcome 
650 4 |a treatment programs 
655 7 |a Forschungsdaten  |0 (DE-588)1098579690  |0 (DE-627)857755366  |0 (DE-576)469182156  |2 gnd-content 
700 1 |a Hiller, Matthew L.  |e MitwirkendeR  |4 ctb 
700 1 |a Simpson, D. Dwayne  |e MitwirkendeR  |4 ctb 
787 0 8 |i Forschungsdaten zu  |a Wiese, Amanda  |t 25-Year Outcomes of an In-Prison Therapeutic Community in Texas  |d [Erscheinungsort nicht ermittelbar] : Texas Christian University, 2022  |w (DE-627)1912447487 
787 0 8 |i Forschungsdaten zu  |a Knight, Keith  |t Assessment of prison-based drug treatment: Texas' in-prison therapeutic community program  |d 1997  |w (DE-627)1912463555 
787 0 8 |i Forschungsdaten zu  |a Griffith, James D.  |t A cost-effectiveness analysis of in-prison therapeutic community treatment and risk classification  |d 1999  |w (DE-627)1912494442 
787 0 8 |i Forschungsdaten zu  |a Knight, Kevin  |t Evaluating corrections-based treatment for the drug-abusing criminal offender  |d 1999  |w (DE-627)1912541904 
787 0 8 |i Forschungsdaten zu  |a Ndrecka, Mirlinda  |t The Impact of Reentry Programs on Recidivism: A Meta-Analysis  |d [Erscheinungsort nicht ermittelbar] : University of Cincinnati, 2014  |w (DE-627)1912584484 
787 0 8 |i Forschungsdaten zu  |a Parhar, Karen K.  |t Offender coercion in treatment  |d 2008  |w (DE-627)1889423742 
787 0 8 |i Forschungsdaten zu  |a Hiller, Matthew L.  |t Prison-based substance abuse treatment, residential aftercare and recidivism  |d 2000  |w (DE-627)1912663317 
787 0 8 |i Forschungsdaten zu  |a Knight, Kevin  |t Prison-Based Treatment Assessment (PTA)  |d United States Department of Justice, National Institute of Justice, 1999  |w (DE-627)1912663325 
787 0 8 |i Forschungsdaten zu  |a Seiter, Richard P.  |t Prisoner reentry: What works, what does not, and what is promising  |d 2003  |w (DE-627)1912663597 
787 0 8 |i Forschungsdaten zu  |a Hiller, Matthew L.  |t Process Assessment of Correctional Treatment (PACT)  |d United States Department of Justice, National Institute of Justice, 2000  |w (DE-627)1912665778 
787 0 8 |i Forschungsdaten zu  |a Hiller, Matthew L.  |t Process Assessment of Correctional Treatment (PACT)  |d United States Department of Justice, National Institute of Justice, 2000  |w (DE-627)1912665786 
787 0 8 |i Forschungsdaten zu  |a Hiller, Matthew L.  |t Risk factors that predict dropout from corrections-based treatment for drug abuse  |d 1999  |w (DE-627)1912691310 
787 0 8 |i Forschungsdaten zu  |a Knight, Kevin  |t The validity of self-reported cocaine use in a criminal justice treatment sample  |d 1998  |w (DE-627)1912740540 
787 0 8 |i Forschungsdaten zu  |a MacKenzie, Doris L., 1943 -   |t What Works in Corrections: Reducing the Criminal Activities of Offenders and Delinquents  |d [Erscheinungsort nicht ermittelbar] : Cambridge University Press, 2006  |w (DE-627)1912748142 
856 4 0 |u https://doi.org/10.3886/ICPSR02765.v2  |x Resolving-System  |z kostenfrei  |3 Volltext  |7 0 
935 |a mkri 
951 |a BO 
ELC |a 1 
LOK |0 000 xxxxxcx a22 zn 4500 
LOK |0 001 4296808052 
LOK |0 003 DE-627 
LOK |0 004 1840060425 
LOK |0 005 20230324125305 
LOK |0 008 230324||||||||||||||||ger||||||| 
LOK |0 035   |a (DE-2619)ICPSR2765 
LOK |0 040   |a DE-2619  |c DE-627  |d DE-2619 
LOK |0 092   |o n 
LOK |0 852   |a DE-2619 
LOK |0 852 1  |9 00 
LOK |0 935   |a foda  |a nacj 
LOK |0 939   |a 24-03-23  |b l01 
OAS |a 1 
ORI |a SA-MARC-krimdoka001.raw